Central Library OPAC University of Rajshahi

Edinburgh University calendar, 1952-1953 / (Record no. 32345)

MARC details
000 -LEADER
fixed length control field 00766cam a2200253 a 4500
001 - CONTROL NUMBER
control field 32345
003 - CONTROL NUMBER IDENTIFIER
rucl marc code BD-RjUL
005 - DATE AND TIME OF LATEST TRANSACTION
control field 20211209051824.0
008 - FIXED-LENGTH DATA ELEMENTS--GENERAL INFORMATION
fixed length control field 140426s1952 stkar f 0 1 0eng d
035 ## - SYSTEM CONTROL NUMBER
System control number (BD-RjUL)32434
System control number 1343303
040 ## - CATALOGING SOURCE
Original cataloging agency BNB
Language of cataloging eng
Transcribing agency BNB
Modifying agency BD-RjUL
041 ## - LANGUAGE CODE
Language code of text/sound track or separate title eng
082 04 - DEWEY DECIMAL CLASSIFICATION NUMBER
Classification number 378.4134
Edition number 18
Author mark and year UNE 1952
110 2# - MAIN ENTRY--CORPORATE NAME
Corporate name or jurisdiction name as entry element University of Edinburgh.
9 (RLIN) 99157
245 10 - TITLE STATEMENT
Title Edinburgh University calendar, 1952-1953 /
Statement of responsibility, etc. University of Edinburgh.
260 ## - PUBLICATION, DISTRIBUTION, ETC. (IMPRINT)
Place of publication, distribution, etc. Edinburgh :
Name of publisher, distributor, etc. James Thin,
Date of publication, distribution, etc. 1952.
300 ## - PHYSICAL DESCRIPTION
Pagination xiv, 761 p. ;
Size 22 cm.
504 ## - BIBLIOGRAPHY, ETC. NOTE
Bibliography, etc Includes index.
610 20 - SUBJECT ADDED ENTRY--CORPORATE NAME
Corporate name or jurisdiction name as entry element University of Edinburgh.
650 #7 - SUBJECT ADDED ENTRY--TOPICAL TERM
Topical term or geographic name as entry element Universities. Edinburgh. University of Edinburgh. Calendars
Source of heading or term precis.
9 (RLIN) 98252
942 ## - ADDED ENTRY ELEMENTS (KOHA)
Source of classification or shelving scheme Dewey Decimal Classification
Koha item type Books
Holdings
Lost status Source of classification or shelving scheme Damaged status Not for loan Collection code Permanent Location Current Location Shelving location Date acquired Total Checkouts Full call number Date last seen Copy number Koha item type
  Dewey Decimal Classification   Not For Loan Non-fiction Central Library, University of Rajshahi Central Library, University of Rajshahi Reading Room 04/03/1955   378.4134 UNE 1952 26/04/2014 C-1 Books